zpět

Detail výsledku týmu

U Dvou dobráků PO, Opava

Datum a čas kvízu

23 Celkem bodů Celkový počet nahraných bodů na tomto kvízu bez doplňovacích otázek.
4. Pořadí na kvízu Konečné umístění týmu na tomto kvízu.

Zaznamenané odpovědi

# Otázka Odpověď Body Výsledky
1. Jistá česká organizace působíc... Člověk v tísni 1
2. Nejstarší podzemní dráha na sv... po Alžbětě II. 0
3. Uveďte název komedie režiséra... Tři Tygři ve filmu: JACKPOT 0
4. Raketa Falcon 9 společnosti Sp... Hurvínek 0
5. Česká cyklistika si minulé úte... Jan Hirt 0
6. Téma námořních katastrof snad... ze Southamptonu, Edward J. Smith 0
7. Toto námořní neštěstí si možná... Kursk, Barentsovo moře 1
8. Nyní zavítáme do trochu vzdále... Vasa 0
9. Americká velrybářská loď Essex... Herman Melville, Bílá velryba (Moby-Dick) 0.5
10. Vyberte, které z následujících... A 1